Odpowiedź zaczyna się na "w" - Statystyki

Ogólne statystyki
  • Ten quiz został rozwiązany 85 razy
  • Średni wynik to 9 z 15
Statystyki odpowiedzi
opis odpowiedź % Poprawnych
Jedno z najważniejszych świąt chrześcijańskich, obchodzone na pamiątkę zmartwychwstania Jezusa Chrystusa. Wielkanoc
90%
Ogólna nazwa dla całości przestrzeni, czasu, gwiazd, planet i innych form materii i energii. Wszechświat
86%
Amerykański producent filmowy, założyciel The Walt Disney Company oraz twórca postaci takich jak Myszka Miki czy Kaczor Donald - imię. Walt
84%
To odzwierzęca choroba zakaźna, która wywoływana jest przez tzw. wirus neurotropowy. Do zarażenia dochodzi na skutek pogryzienia przez chore zwierzę, poślinienia lub jedynie delikatnego uszkodzenia skóry czy śluzówki. Wścieklizna
84%
Polski elektryk, działacz związkowy i polityk, dysydent, przywódca i bohater opozycji demokratycznej w okresie Polskiej Rzeczypospolitej Ludowej, współzałożyciel i pierwszy przewodniczący NSZZ „Solidarność”. Laureat Pokojowej Nagrody Nobla w 1983. Prezydent Rzeczypospolitej Polskiej w latach 1990–1995. Wałęsa
81%
Zbiór informacji, faktów i umiejętności zdobytych w procesie nauki. Wiedza
81%
Ogólnie rośliny uprawne, które stanowią istotną część diety ludzi. Warzywa
72%
To uformowany w latach 1845–1847 półwysep (wcześniej wyspa) w Gdańsku, przy ujściu Martwej Wisły do Zatoki Gdańskiej, symbol wybuchu II wojny światowej. Westerplatte
67%
Austriacki kompozytor i muzyk, uważany za jednego z najwybitniejszych twórców muzyki klasycznej - imię. Wolfgang
66%
Osoba kierująca zaprzęgiem konnym, dawniej odgrywająca ważną rolę w transporcie. Woźnica
66%
To liczba określająca potęgę w operacjach matematycznych. Wykładnik
41%
Zwierzę z rodziny ssaków z rzędu dwuprzodozębowców, prawdopodobnie blisko spokrewnionych z koalowatymi. Rodzaj obejmuje jeden żyjący współcześnie gatunek występujący w południowo-wschodniej Australii i Tasmanii; robi kupę przypominającą kostkę do gry. Wombat
38%
Amerykański polityk, 28. prezydent Stanów Zjednoczonych oraz twórca czternastu punktów, które mieli przyczynić się do zakończenia I wojny światowej. Woodrow Wilson
31%
Dinozaur - rodzaj niewielkich teropodów z rodziny dromeozaurów, był dwunożnym drapieżnikiem zamieszkującym tereny dzisiejszej Mongolii pod koniec okresu kredy 83 do 70 milionów lat temu, znacznie bardziej przypominały dzisiejsze ptaki niż gady. Welociraptor
19%
Dziedzina kryminologii, zajmująca się ofiarami przestępstw oraz badaniem ich roli w genezie przestępstwa, zwłaszcza ustaleniem czynników tworzących podatność na stanie się ofiarą przestępstwa Wiktymologia
10%
Nie znaleziono quizów pasujących do podanych kryteriów
Rozkład punktacji
Procent ludzi z każdym wynikiem
Percentyl według liczby udzielonych odpowiedzi
Twoja historia wyników
Nie rozwiązałeś tego quizu